MDQL
is popping MORE tags! Check the
thread
!
Quizzes
Events
Quiz Creation
Community
Videos
Private Events
Remove Ads
Sign In
Join for FREE
Feedback
Dark Mode
Quiz Categories
Sports
Geography
Music
Movies
Television
Just For Fun
Miscellaneous
History
Literature
Language
Science
Gaming
Entertainment
Religion
Holiday
For Kids
Quiz Lab
Recent
Popular Today
Quiz Kudos Today
Editor Picks
Curator Picks
Quizzes by...
Day
Popularity
Type
Ratings
Length
Year
Community
Subscriptions
Recent Discussions
Orange Saloon
Badges
Playlists
Quests
Create
Leaderboards
Showdown
Live 5
Trivia Bingo
Activity
Puzzle Library
Sporcle Events
Private Events
Virtual Trivia
Globe League
Become a Host
Pub Owners
SporcleCon
Opinionation
Our Games
Videos
Blog
Mobile Apps
Partnerships
Remove Ads and Go Orange
Feedback
Language
Vocabulary
Begins and Ends
Definition
Spanish
French
German
Italian
Chinese
Latin
Translation
Japanese
Language
Vocabulary
Begins and Ends
Definition
Spanish
French
German
Italian
Chinese
Latin
Translation
Japanese
Random Quiz
Search Sporcle
×
Quiz Lab
Quiz Lab
Language
Definition
Type in answers that appear in a list
Type in answers that appear in a list
Classic
Best Score? Go Orange.
Sugar and Spice and Everything Nice Stats
Can you name the girl's names that are also words?
By
trusting365
6m
26 Questions
112 Plays
112 Plays
112 Plays
Comments
Comments
Give Quiz Kudos
Give Quiz Kudos
-
- Ratings
hide this ad
Random Order
Randomize order of answers
Randomize order of answers
Replay
Link that replays current quiz
Next Quiz
Link to next quiz in quiz playlist
You Got
0%
They Got
Avg Score
58%
Avg Friend Score
Upgrade to see
Score Distribution
Jump to the score distribution portion of the page
Score
0/26
Timer
06:00
0
Plays Today
definition
name
% Correct
a gem with a deep red colour
Ruby
93.8%
a bead formed on the inner surfaces of an oyster shell
Pearl
84.8%
the circular diaphragm that surrounds the pupil
Iris
83.9%
a flower with a yellow disk and white petals
Daisy
83%
the month when the summer solstice occurs
June
83%
the night preceding a holiday or momentous occasion
Eve
75%
a rock-
like undersea formation of various colours
Coral
67.9%
the emotion of great delight
Joy
66.1%
yellowish-
brown fossil resin used for making jewelry
Amber
65.2%
a green ornamental stone used for carvings and jewelry
Jade
65.2%
generous actions or donations to people in need
Charity
61.6%
a tree with red berries and prickly leaves
Holly
59.8%
ceramic or porcelain plates and cups
China
58.9%
definition
name
% Correct
a gem-
stone found in many colours, including milky-
white
Opal
56.3%
a tree with graceful flexible branches
Willow
55.4%
a clear transparent mineral resembling ice
Crystal
55.4%
confidence or trust in a person or thing
Faith
51.8%
a plant with mauve or bluish flowers
Violet
51.8%
the succession of tones in a musical compostition
Melody
50.9%
a plant with showy funnel-
shaped or bell-
shaped flowers
Lily
48.2%
informal term for a young woman making her first formal appearance into society
Deb
41.1%
a shrub with fragrant flowers used in making perfume and flavouring tea
Jasmine
40.2%
a cut and polished precious stone or gem
Jewel
40.2%
a spirit distilled from wine
Brandy
35.7%
the pungent stem of a plant used as a spicy flavouring
Ginger
27.7%
cloth of a vivid red colour with an orange tinge
Scarlet
24.1%
Quiz Playlist
Details
Report
Send in Message
Add To Playlist
Classic:
Type in answers that appear in a list
Random Order:
Randomize order of answers
Last Updated: Feb 16, 2017
Quiz Scoreboard
CHALLENGE
Sign Up to Join the Scoreboard
Show All
Scores
Hide
Comments
May contain spoilers
Recently Published
Find the 'City' Movie
by crazypaving
Movies
60s
5x2 Blitz: Bands
by SL_Kpop136
Music
30s
Colored Red Africa Blitz
by spor1
Geography
30s
More to Explore
Quiz From the Vault
Featured Blog Post
14 Easter Pick-up Lines to Find Eggs With
hide this ad
You Might Also Like...
Tags
Definition Quiz
Everything
girl
nice
spice
sugar
Today's Top Quizzes in Language
Browse Language
hide this ad
Today's Top Quizzes in Definition
Browse Definition
Top Contributed Quizzes in Language
1
Arabic Numerals
2
1-10 Letter H Words III
3
1-10 Letter F Words III
4
1-10 Letter G Words III
5
1-10 Letter I Words III
6
1-10 Letter M Words III
7
1-10 Letter K Words III
8
1-10 Letter L Words III
9
1-10 Letter N Words III
10
1-10 Letter J Words III
Explore More
Trending Topics
Anime
Harry Potter
Kpop
Crossword
NBA
Marvel
Disney
Pokémon
Soccer
WWE
Puzzle
Song
Country
The Office
NFL
hide this ad
More By:
trusting365
Quiz
Plays
Rating
Category
Featured
Created
Commonly Misspelled Words III
558,022
3.04
Language
Apr 1, 2012
Japanese Words You Probably Know
162,662
4.54
Language
Jul 4, 2012
Disney's Lions & Tigers & Bears
132,385
4.44
Movies
Jun 1, 2012
Click a Kate
105,929
4.26
Miscellaneous
Sep 18, 2012
Peter, Paul or Mary
58,280
4.15
Miscellaneous
Jun 20, 2012
Go to Creator's Profile
Score Distribution
Quiz Creator Spotlight
trusting365
Follow
Send a Message
Quizzes Created
-
Created Quiz Play Count
-
More By This Creator
Popular Quizzes Today
1
Colored Red Africa Blitz
2
Find the 'City' Movie
3
Find the US States - No Outlines Minefield
4
5x2 Blitz: Bands
5
The Countries of the World
6
Find the US States
7
US States
8
9x9 Crossword: Cartoon Network
More Language Quizzes
Words Within Words 'E' Blitz
Published
Trending Quizzes
Colored Red Europe Blitz I
Colored Red Europe Blitz II
Colored Red Africa Blitz II
Colored Red Europe Blitz III
Colored Red Africa Blitz III
Recently Updated
Godzilla Movies
pecheneg
Grab Bag: 4-10 Letters
pecheneg
2024 March Madness Bracket
pecheneg
Famous TV Couples
Peacemaker
Champions League XIs: Real Madrid
pecheneg
Largest US Cities 1790-2010
pecheneg
Rides in Walt Disney World
pecheneg
Most Oscar Losses (Acting)
pecheneg
Beyoncé Albums
pecheneg
Leaping Animals
pecheneg
Trending Topics
NBA
Harry Potter
Disney
Marvel
Anime
Crossword
Kpop
NFL
WWE
Puzzle
Soccer
Pokémon
The Office
Country
Song
Your Account Isn't Verified!
In order to create a playlist on Sporcle, you need to verify the email address you used during registration. Go to your
Sporcle Settings
to finish the process.
Report this User
Report this user for behavior that violates our
Community Guidelines
.
Details:
Send Report
Go to the Sporcle.com Mobile Site →
Comments